000 00419nam a22001217a 4500
005 20260629145331.0
100 _aAli Raza
_a21-MSSE-03
_aSupervisor - Prof Dr. Mukhtiar Ahmed Memon
_91053
245 _aQ-Learning Clustered Based Routing Protocol for Underwater Wireless Sensor Network (Thesis MS)
260 _aNawabshah
_bQUEST
_c2025
300 _a97p.
700 _aDepartment of Computer Science
_91007
942 _cTHESIS
999 _c69106
_d69103